00731cam a2200241 a 45000010008000000030004000080050017000120080041000290100017000700200015000870400024001020420008001260500025001340820015001592450050001742500012002242600039002363000024002755000065002995040054003646100051004187100020004693534570OSt20230704094217.0960801s1996 nyu b i000 0 eng c a 96175856  a9211334853 aMoSU-LcMoSU-LdDLC apcc00aKZ1287.I59bW67 1996 a340.6bUNI04aThe Work of the International Law Commission. a5th ed. aNew York :bUnited Nations,c1996. ax, 511 p. ;c23 cm. a"United Nations publication sales no. E.95.V.6"--T.p. verso. aIncludes bibliographical references (p. 502-511).20aUnited Nations.bInternational Law Commission.2 aUnited Nations.